000 00527nam a2200181Ia 4500
005 20230708103816.0
008 131103s9999 xx 000 0 und d
040 _aLoreto College
041 _aEnglish
082 _a956
_bLAQ
245 4 _aThe Middle East in Transition
_b Studies in Contemporary History
_cedited by Walter Z.Laqueur
260 _aLondon
_bRoutledge & Regan Paul
_c1958
300 _axix,513 p.
504 _aIncludes index
650 _aAsia (Middle - East) - History
850 _aLCLIB
942 _cBK
999 _c7845
_d58324